Sicología del espacio / (Record no. 110206)

MARC details
000 -LEADER
campo de control de longitud fija 01045nam a2200301 i 4500
001 - NÚMERO DE CONTROL
campo de control 110206
003 - IDENTIFICADOR DE NÚMERO DE CONTROL
campo de control ES-MaACL
005 - FECHA Y HORA DE LA ÚLTIMA TRANSACCIÓN
campo de control 20260124063016.0
007 - CAMPO FIJO DE DESCRIPCIÓN FÍSICA--INFORMACIÓN GENERAL
campo de control de longitud fija t|
008 - DATOS DE LONGITUD FIJA--INFORMACIÓN GENERAL
campo de control de longitud fija 061121s1972 sp r ||||1| spa d
080 ## - NÚMERO DE LA CLASIFICACIÓN DECIMAL UNIVERSAL
Número de la Clasificación Decimal Universal 159.937.52
080 ## - NÚMERO DE LA CLASIFICACIÓN DECIMAL UNIVERSAL
Número de la Clasificación Decimal Universal 72.011
100 1# - ENTRADA PRINCIPAL--NOMBRE DE PERSONA
Nombre de persona Moles, Abraham A.,
Fechas asociadas al nombre 1920-1992
9 (RLIN) 81863
245 10 - MENCIÓN DEL TÍTULO
Título Sicología del espacio /
Mención de responsabilidad, etc. Abraham A. Moles y Elisabeth Rohmer; edición preparada y prologada por Mario Gaviria ; traducido por Enrique Grilló Solano y Mª José Méndez Tihista.
246 3# - FORMA VARIANTE DEL TITULO
Título propio/Titulo breve Psicología del espacio
260 ## - PUBLICACIÓN, DISTRIBUCIÓN, ETC.
Lugar de publicación, distribución, etc. Madrid :
Nombre del editor, distribuidor, etc. Ricardo Aguilera,
Fecha de publicación, distribución, etc. 1972.
300 ## - DESCRIPCIÓN FÍSICA
Extensión 195 p. :
Otras características físicas il. ;
Dimensiones 18 cm.
490 1# - MENCIÓN DE SERIE
Mención de serie Orbe ;
Designación de volumen o secuencia 14
650 #4 - PUNTO DE ACCESO ADICIONAL DE MATERIA--TÉRMINO DE MATERIA
Término de materia o nombre geográfico como elemento de entrada Percepción espacial.
9 (RLIN) 168980
650 #7 - PUNTO DE ACCESO ADICIONAL DE MATERIA--TÉRMINO DE MATERIA
Término de materia o nombre geográfico como elemento de entrada Espacio (Arquitectura)
Fuente del encabezamiento o término embne
9 (RLIN) 168981
700 1# - ENTRADA AGREGADA--NOMBRE PERSONAL
Nombre de persona Rohmer, Elisabeth.
9 (RLIN) 98983
700 1# - ENTRADA AGREGADA--NOMBRE PERSONAL
Nombre de persona Gaviria, Mario.
9 (RLIN) 56091
700 1# - ENTRADA AGREGADA--NOMBRE PERSONAL
Nombre de persona Grilló Solano, Enrique.
9 (RLIN) 60035
700 1# - ENTRADA AGREGADA--NOMBRE PERSONAL
Nombre de persona Méndez, María José.
9 (RLIN) 80129
830 1# - PUNTO DE ACCESO ADICIONAL DE SERIE-TÍTULO UNIFORME
Título uniforme Orbe ;
Designación de volumen o secuencia 14
9 (RLIN) 182702
852 ## - LOCALIZACIÓN
Ubicación ES-MaACL
Número de control de estantería C-53150
Holdings
Estatus retirado Estado de pérdida Estado de daño No para préstamo Biblioteca de origen Biblioteca actual Ubicación en estantería Fecha de adquisición Fuente de adquisición Total de préstamos Signatura topográfica completa Código de barras Visto por última vez Precio de reemplazo Tipo de ítem Koha
        Biblioteca del Ateneo de Madrid Biblioteca del Ateneo de Madrid Depósito 2 17/01/2008     C-53150 1114977 23/02/2023 23/02/2023 Libro impreso